[Event "Espalion Op"]
[Site "Espalion"]
[Date "2017.07.17"]
[Round "3.23"]
[White "Muratet Casadevall, Elias"]
[Black "Della Ragione, Enzo"]
[Result "0-1"]
[WhiteElo "1805"]
[BlackElo "1705"]
[PlyCount "108"]
[EventDate "2017.??.??"]

1. d4 Nf6 2. h3 g6 3. Bf4 Bg7 4. e3 O-O 5. Nf3 d6 6. Be2 c5 7. c3 cxd4 8. exd4
Qb6 9. Qb3 Nc6 10. Qxb6 axb6 11. O-O Nd5 12. Bg3 e5 13. Bc4 Nc7 14. Nbd2 b5 15.
Bb3 Na6 16. Ne4 d5 17. Bxd5 exd4 18. Bd6 Re8 19. Neg5 Be6 20. Nxe6 fxe6 21.
Bxc6 bxc6 22. cxd4 Red8 23. Be5 Bxe5 24. dxe5 Rd5 25. Rad1 Rad8 26. Rxd5 Rxd5
27. Re1 h6 28. a3 c5 29. Kf1 c4 30. Ke2 Nc5 31. Rd1 Nd3 32. g3 Nxb2 33. Rxd5
exd5 34. Nd4 Nd3 35. f4 b4 36. a4 Nc5 37. a5 Kf7 38. Kd2 Ke8 39. Kc2 b3+ 40.
Kb1 Kd7 41. g4 c3 42. f5 c2+ 43. Nxc2 bxc2+ 44. Kxc2 gxf5 45. gxf5 Kc7 46. Kc3
Kc6 47. h4 h5 48. Kd4 Nb3+ 49. Ke3 Nxa5 50. f6 Kd7 51. Kf4 Ke6 52. Kg5 Nc6 53.
Kxh5 Nxe5 54. Kg5 d4 0-1

[Event "Espalion Op"]
[Site "Espalion"]
[Date "2017.07.17"]
[Round "3.24"]
[White "Lemaire, Frederic"]
[Black "Huin, Eric"]
[Result "0-1"]
[WhiteElo "1486"]
[BlackElo "1801"]
[PlyCount "85"]
[EventDate "2017.??.??"]

1. d4 Nf6 2. Nf3 g6 3. e3 Bg7 4. Bd3 d6 5. h3 Nbd7 6. b3 O-O 7. Bb2 c6 8. Nbd2
Qc7 9. Qe2 e5 10. dxe5 dxe5 11. Ne4 Nxe4 12. Bxe4 Nc5 13. Nd2 Be6 14. O-O f5
15. Bd3 e4 16. Bxg7 exd3 17. cxd3 Kxg7 18. Rac1 Qd6 19. d4 Nd7 20. Nf3 Bd5 21.
Nd2 Rae8 22. Nc4 Bxc4 23. Qxc4 Nb6 24. Qc3 Nd5 25. Qb2 f4 26. exf4 Rxf4 27. Qd2
Rfe4 28. Rfe1 Qb4 29. Qxb4 Nxb4 30. Rxe4 Rxe4 31. a3 Nd3 32. Rc4 Re1+ 33. Kh2
Rc1 34. Kg3 Rxc4 35. bxc4 Nb2 36. c5 Nc4 37. a4 a5 38. Kf4 Kf6 39. g4 Nb2 40.
g5+ Ke6 41. Ke4 Nxa4 42. f4 Nc3+ 43. Kd3 0-1

[Event "Espalion Op"]
[Site "Espalion"]
[Date "2017.07.17"]
[Round "3.25"]
[White "Carno, Matthias"]
[Black "Desai, Nilomi"]
[Result "1/2-1/2"]
[WhiteElo "1782"]
[BlackElo "1502"]
[PlyCount "104"]
[EventDate "2017.??.??"]

1. e4 c6 2. d4 d5 3. exd5 cxd5 4. Nf3 Nf6 5. Be2 Nc6 6. O-O Bf5 7. Bd3 Bxd3 8.
Qxd3 e6 9. Bf4 Qb6 10. Nc3 Be7 11. Qb5 Qxb5 12. Nxb5 O-O 13. a4 Rfd8 14. c3 a6
15. Na3 Rac8 16. Ne5 Ne4 17. Nxc6 Rxc6 18. Rfc1 Bd6 19. Bxd6 Nxd6 20. Rc2 Rdc8
21. f4 Nf5 22. Rac1 h5 23. Kf2 g6 24. g3 Kg7 25. Ke2 Kf6 26. Kf3 b6 27. h3 Ke7
28. g4 hxg4+ 29. hxg4 Nd6 30. Rh1 Nc4 31. Nb1 b5 32. axb5 axb5 33. Ke2 Nb6 34.
Nd2 b4 35. Rh3 bxc3 36. Rhxc3 Rxc3 37. Rxc3 Rxc3 38. bxc3 f6 39. g5 Nc4 40. Nb3
Nd6 41. Nd2 Nc4 42. Nxc4 dxc4 43. gxf6+ Kxf6 44. Ke3 Kf5 45. Kf3 g5 46. fxg5
Kxg5 47. Ke4 Kf6 48. d5 e5 49. d6 Ke6 50. d7 Kxd7 51. Kxe5 Kc6 52. Kd4 Kb6
1/2-1/2

[Event "Espalion Op"]
[Site "Espalion"]
[Date "2017.07.17"]
[Round "3.26"]
[White "Pla, Jean"]
[Black "Marie, Olivier"]
[Result "0-1"]
[WhiteElo "1356"]
[BlackElo "1572"]
[PlyCount "80"]
[EventDate "2017.??.??"]

1. c4 g6 2. Nc3 Bg7 3. Nf3 e6 4. g3 b6 5. Bg2 Bb7 6. O-O h5 7. d4 f6 8. e4 Nc6
9. Qd3 Ba6 10. a3 Nce7 11. b4 d5 12. b5 Bb7 13. e5 Nf5 14. Re1 Kf7 15. exf6
Bxf6 16. Ne5+ Bxe5 17. Rxe5 Nge7 18. Bg5 Qd7 19. Rae1 dxc4 20. Qxc4 Bxg2 21.
Kxg2 Ng7 22. Ne4 Nd5 23. Qc6 Qxc6 24. bxc6 Rhe8 25. Bh6 Nf5 26. Bg5 Nxd4 27. f4
Nxc6 28. Nd6+ cxd6 29. R5e4 Rac8 30. h3 Na5 31. g4 hxg4 32. hxg4 Rc2+ 33. Kf1
Rh8 34. Kg1 Nc7 35. f5 e5 36. fxg6+ Kxg6 37. Be7 Rc6 38. Rf1 Ne8 39. g5 Rc3 40.
a4 Rc4 0-1

[Event "Espalion Op"]
[Site "Espalion"]
[Date "2017.07.17"]
[Round "3.27"]
[White "Canivet, Arnaud"]
[Black "Dewilde, Rudi"]
[Result "1-0"]
[WhiteElo "1760"]
[BlackElo "1257"]
[PlyCount "53"]
[EventDate "2017.??.??"]

1. c4 Nf6 2. g3 e5 3. Bg2 d5 4. e3 Be7 5. Nc3 c6 6. cxd5 cxd5 7. Nge2 O-O 8. d4
e4 9. Qb3 Qb6 10. Nxd5 Qxb3 11. Nxe7+ Kh8 12. axb3 Be6 13. d5 Bg4 14. Nd4 Nbd7
15. h3 Bh5 16. g4 Bg6 17. Nxg6+ fxg6 18. g5 Nxd5 19. Bxe4 N7b6 20. Bd2 Rfe8 21.
Bxd5 Nxd5 22. O-O a6 23. Rfc1 Kg8 24. Rc5 Rad8 25. b4 Re5 26. Kh2 b6 27. Rc6
1-0

[Event "Espalion Op"]
[Site "Espalion"]
[Date "2017.07.17"]
[Round "3.28"]
[White "Veschambre, Martin"]
[Black "Saya, Yann"]
[Result "1-0"]
[WhiteElo "1539"]
[BlackElo "1199"]
[PlyCount "101"]
[EventDate "2017.??.??"]

1. d4 d5 2. Bf4 Nf6 3. e3 Nc6 4. Nf3 Bf5 5. Bd3 Bxd3 6. Qxd3 Qd7 7. a3 O-O-O 8.
Nbd2 e6 9. O-O-O Bd6 10. Bg3 Bxg3 11. hxg3 Rhe8 12. Ne5 Nxe5 13. dxe5 Ng4 14.
Qe2 Nxe5 15. Rxh7 g6 16. Nf3 Nxf3 17. Qxf3 a6 18. Rxf7 Re7 19. Rxe7 Qxe7 20.
Qg4 Qf7 21. f4 Rh8 22. Rxd5 Rh2 23. Rd2 Rh1+ 24. Rd1 Rxd1+ 25. Qxd1 Qf5 26. Qd4
Qg4 27. Qh8+ Kd7 28. Qh2 Kc8 29. Kd2 Qf5 30. Qh8+ Kd7 31. Qd4+ Kc8 32. e4 Qg4
33. Qe3 Kd7 34. Qf3 Qxf3 35. gxf3 Kd6 36. Kd3 Ke7 37. Kd4 Kf6 38. g4 b6 39. g5+
Kf7 40. Ke5 c5 41. Kd6 c4 42. Kc6 b5 43. Kb6 Ke7 44. Kxa6 Kd6 45. Kxb5 e5 46.
f5 gxf5 47. exf5 Ke7 48. a4 Kf7 49. a5 Ke7 50. a6 Kd7 51. a7 1-0

[Event "Espalion Op"]
[Site "Espalion"]
[Date "2017.07.17"]
[Round "3.31"]
[White "Callebaut, Katia"]
[Black "Muller-Moingt, Bastien"]
[Result "1-0"]
[WhiteElo "1296"]
[BlackElo "1114"]
[PlyCount "137"]
[EventDate "2017.??.??"]

1. e4 e5 2. Nf3 Nc6 3. Nc3 Bc5 4. Bc4 Nf6 5. O-O O-O 6. a3 d6 7. h3 Be6 8. Ba2
Nd4 9. b4 Bb6 10. d3 h6 11. Nd5 Nxd5 12. exd5 Bd7 13. c3 Nxf3+ 14. Qxf3 Qf6 15.
Qxf6 gxf6 16. Bxh6 Rfe8 17. Bb3 Kh7 18. Be3 Rg8 19. Kh2 Bxe3 20. fxe3 Rg6 21.
e4 c6 22. a4 Rag8 23. Ra2 cxd5 24. Bxd5 Be6 25. c4 Bxd5 26. cxd5 Rc8 27. Rf5
Rc3 28. Rd2 Rb3 29. b5 Ra3 30. Rc2 Rxa4 31. Rc7 Rb4 32. Rxb7 a5 33. bxa6 Rxb7
34. axb7 Rg8 35. Rxf6 Rb8 36. Rxd6 Rxb7 37. Rf6 Rb3 38. Rxf7+ Kg6 39. Rf3 Rb6
40. Rf5 Rb3 41. Rf3 Rb6 42. Rf5 Rb3 43. Rxe5 Rxd3 44. g4 Kf6 45. Re6+ Kf7 46.
Ra6 Re3 47. d6 Rxe4 48. Ra7+ Ke6 49. d7 Rd4 50. Kg3 Rxd7 51. Rxd7 Kxd7 52. Kf4
Ke8 53. Kf5 Kf8 54. Kg6 Kg8 55. h4 Kh8 56. h5 Kg8 57. h6 Kh8 58. g5 Kg8 59. Kf6
Kh7 60. g6+ Kh8 61. g7+ Kh7 62. Kf7 Kxh6 63. g8=Q Kh5 64. Qg6+ Kh4 65. Kf6 Kh3
66. Kf5 Kh2 67. Kf4 Kh1 68. Kf3 Kh2 69. Qg2# 1-0

[Event "Espalion Op"]
[Site "Espalion"]
[Date "2017.07.17"]
[Round "4.1"]
[White "Genzling, Alain"]
[Black "Sulava, Nenad"]
[Result "1/2-1/2"]
[WhiteElo "2381"]
[BlackElo "2480"]
[PlyCount "33"]
[EventDate "2017.??.??"]

1. e4 c5 2. Nf3 e6 3. b3 a6 4. Bb2 Nc6 5. c4 Nf6 6. Nc3 Be7 7. d4 cxd4 8. Nxd4
Qa5 9. Nxc6 dxc6 10. Bd3 O-O 11. a3 e5 12. b4 Qc7 13. c5 a5 14. Na4 Be6 15. O-O
Nd7 16. Qc2 Ra7 17. Bc4 1/2-1/2

[Event "Espalion Op"]
[Site "Espalion"]
[Date "2017.07.17"]
[Round "4.2"]
[White "Flear, Christine"]
[Black "Daulyte, Deimante"]
[Result "0-1"]
[WhiteElo "2078"]
[BlackElo "2419"]
[PlyCount "76"]
[EventDate "2017.??.??"]

1. Nf3 Nf6 2. g3 g6 3. Bg2 Bg7 4. O-O O-O 5. c4 d6 6. d4 Nc6 7. Nc3 e5 8. d5
Nb8 9. h3 a5 10. Be3 Nfd7 11. a3 f5 12. Bg5 Qe8 13. Nb5 Na6 14. Bd2 Nb6 15. b3
Bd7 16. Bxa5 Bxb5 17. Bxb6 cxb6 18. cxb5 Qxb5 19. Ng5 e4 20. a4 Qb4 21. Ra2
Rfc8 22. Ne6 Be5 23. Rc2 Rxc2 24. Qxc2 Nc5 25. Nxc5 bxc5 26. Rb1 e3 27. f4 Bd4
28. Kf1 Qc3 29. Qxc3 Bxc3 30. Bf3 Ra6 31. g4 Rb6 32. gxf5 gxf5 33. Rc1 Rxb3 34.
Kg2 Bb2 35. Rg1 c4 36. Bh5 c3 37. Kf3+ Kf8 38. Rg5 c2 0-1

[Event "Espalion Op"]
[Site "Espalion"]
[Date "2017.07.17"]
[Round "4.3"]
[White "Flear, Glenn C"]
[Black "Estadieu, Romeo"]
[Result "1-0"]
[WhiteElo "2455"]
[BlackElo "2049"]
[PlyCount "129"]
[EventDate "2017.??.??"]

1. d4 e6 2. c4 f5 3. g3 Nf6 4. Bg2 c6 5. Nf3 d5 6. Bf4 Bd6 7. Bxd6 Qxd6 8. Qc2
O-O 9. O-O Ne4 10. Nbd2 Nd7 11. Rac1 Kh8 12. Rfd1 Qe7 13. e3 g5 14. Ne1 Qg7 15.
Nxe4 fxe4 16. f3 exf3 17. Nxf3 Nf6 18. Ne5 Nd7 19. Nd3 dxc4 20. Qxc4 e5 21. Rf1
exd4 22. Qxd4 Qxd4 23. exd4 Rxf1+ 24. Rxf1 Kg7 25. Re1 Nf6 26. Re7+ Kf8 27. Rc7
Ne8 28. Rxh7 Bf5 29. Rxb7 Bxd3 30. Bxc6 Rd8 31. Rxa7 Rxd4 32. Rd7 Nd6 33. a4
Bf5 34. Rd8+ Ke7 35. Rb8 Rc4 36. Rb6 Nc8 37. Rb7+ Kd6 38. Be8 Re4 39. Rb5 Bh3
40. Bh5 g4 41. Kf2 Rxa4 42. Ke3 Ne7 43. b3 Ra1 44. Kf4 Rf1+ 45. Kg5 Rf8 46. b4
Nc6 47. Rf5 Rg8+ 48. Kh6 Ne7 49. Rg5 Ke6 50. Rxg8 Nxg8+ 51. Kg5 Nf6 52. Bg6 Ke5
53. b5 Bg2 54. Bf5 Bf3 55. b6 Ne8 56. Bxg4 Be4 57. h4 Nd6 58. Bh5 Ke6 59. Bg6
Ke7 60. h5 Bf3 61. g4 Nf7+ 62. Bxf7 Kxf7 63. Kf5 Kg7 64. g5 Bb7 65. Ke5 1-0

[Event "Espalion Op"]
[Site "Espalion"]
[Date "2017.07.17"]
[Round "4.4"]
[White "Menard, Baptiste"]
[Black "Muratet Casadevall, Albert"]
[Result "1-0"]
[WhiteElo "2167"]
[BlackElo "2201"]
[PlyCount "111"]
[EventDate "2017.??.??"]

1. Nf3 Nf6 2. g3 g6 3. b3 Bg7 4. Bb2 O-O 5. Bg2 c5 6. c4 Nc6 7. O-O d6 8. d4
cxd4 9. Nxd4 Bd7 10. Nc3 Nxd4 11. Qxd4 Bc6 12. Nd5 Nh5 13. Qd2 Bxb2 14. Qxb2 e6
15. Ne3 Bxg2 16. Kxg2 f5 17. Rad1 Qb6 18. Qd4 Rfd8 19. Qxb6 axb6 20. a4 Kf7 21.
Rd3 Ke7 22. Rfd1 Nf6 23. f3 g5 24. h3 f4 25. Nc2 fxg3 26. Kxg3 Ra5 27. e3 Rc5
28. Nd4 h5 29. Nb5 h4+ 30. Kf2 Rc6 31. Rg1 Rf8 32. Ke2 Nh5 33. Rxg5 Ng3+ 34.
Kd1 Rxf3 35. Rg7+ Kf6 36. Rxb7 Nf5 37. Kd2 Rxh3 38. e4 Ng3 39. Rf3+ Ke5 40. Kd3
Nxe4 41. Rxh3 Nf2+ 42. Ke3 Nxh3 43. Nd4 Rc8 44. Nf3+ Kf6 45. Rxb6 Rh8 46. Rxd6
Ng5 47. Rd2 e5 48. Nxg5 Kxg5 49. Ke4 h3 50. Rh2 (50. Rd1 h2 51. b4 (51. Rh1 Kg4
52. c5 Kh3 53. Kxe5 Rb8 54. Rb1 (54. c6) 54... Kg2) 51... h1=R 52. Rxh1 Rxh1
53. Kxe5 Rh4 54. Kd5 Kf6) 50... Kg4 51. b4 Rb8 (51... Kg3 52. Rh1 h2 (52...
Rh4+ 53. Kxe5 (53. Kd5 Rd4+) 53... Rxc4 54. Rb1 h2 55. Kd5 Rxb4) 53. a5 Kg2 54.
Rc1 (54. Rxh2+ Rxh2 55. a6 Rh4+ 56. Kxe5 Rh5+ 57. Kd4 Rh4+ 58. Kc5 Rh5+ 59. Kb6
Rh6+ 60. Ka5) 54... Rf8) 52. b5 Rc8 53. Kxe5 Rxc4 54. Ra2 Kg3 55. Kd5 Rf4 56.
b6 1-0

[Event "Espalion Op"]
[Site "Espalion"]
[Date "2017.07.17"]
[Round "4.5"]
[White "Cappon, John"]
[Black "Lagunes, Jean-Renaud"]
[Result "1-0"]
[WhiteElo "2197"]
[BlackElo "1951"]
[PlyCount "57"]
[EventDate "2017.??.??"]

1. e4 d5 2. exd5 Qxd5 3. Nc3 Qa5 4. d4 Nf6 5. Nf3 Bf5 6. Ne5 c6 7. g4 Be6 8. f4
Nbd7 9. Nc4 Qc7 10. Ne3 O-O-O 11. f5 Bd5 12. Nexd5 Nxd5 13. Nxd5 cxd5 14. Be3
Qb6 15. Bd3 e5 16. fxe6 Qxe6 17. Kd2 g6 18. g5 h6 19. h4 f6 20. Qf3 fxg5 21.
hxg5 h5 22. c3 Bd6 23. Qh3 Rde8 24. Raf1 Rh7 25. b3 Qg8 26. Rf6 Kc7 27. Rxg6
Qf7 28. Rxd6 Kxd6 29. g6 1-0

[Event "Espalion Op"]
[Site "Espalion"]
[Date "2017.07.17"]
[Round "4.6"]
[White "Libiszewski, Fabien"]
[Black "Moingt, Anne"]
[Result "1-0"]
[WhiteElo "2542"]
[BlackElo "2027"]
[PlyCount "59"]
[EventDate "2017.??.??"]

1. e4 c5 2. Nf3 d6 3. d4 cxd4 4. Nxd4 Nf6 5. Nc3 e6 6. Be3 Be7 7. f4 O-O 8. Qf3
Nc6 9. O-O-O Qa5 10. Nb3 Qc7 11. g4 a6 12. g5 Nd7 13. f5 Nde5 14. Qg3 Re8 15.
f6 Bf8 16. h4 b5 17. h5 b4 18. Na4 Bb7 19. Nb6 Rab8 20. Bg2 a5 21. g6 fxg6 22.
hxg6 Nxg6 23. Rxh7 Nce5 24. Rdh1 a4 25. Nxa4 Ra8 26. Nb6 Rxa2 27. Bd4 Qf7 28.
Kb1 Ra6 29. Bxe5 dxe5 30. Nd7 1-0

[Event "Espalion Op"]
[Site "Espalion"]
[Date "2017.07.17"]
[Round "4.7"]
[White "Kozlowski, Thierry"]
[Black "Cornette, Matthieu"]
[Result "0-1"]
[WhiteElo "1951"]
[BlackElo "2606"]
[PlyCount "66"]
[EventDate "2017.??.??"]

1. d4 Nf6 2. c4 e6 3. Nc3 Bb4 4. e3 d5 5. Nf3 O-O 6. Bd3 dxc4 7. Bxc4 c5 8. O-O
Nc6 9. a3 Ba5 10. Qd3 a6 11. Rd1 b5 12. Ba2 c4 13. Qe2 Qe8 14. e4 e5 15. Bg5
Bxc3 16. Bxf6 Bxd4 17. Nxd4 Nxd4 18. Rxd4 exd4 19. Bxd4 Qe7 20. f4 Rd8 21. Bc3
Bb7 22. Re1 f5 23. Bb1 Bxe4 24. Bxe4 fxe4 25. Qg4 Qd7 26. f5 Rf8 27. Rxe4 Rae8
28. Re6 h5 29. Qe4 Rxe6 30. fxe6 Qd1+ 31. Be1 Qd3 32. Qxd3 cxd3 33. Bc3 Re8 0-1

[Event "Espalion Op"]
[Site "Espalion"]
[Date "2017.07.17"]
[Round "4.8"]
[White "Pascot, Jean"]
[Black "Moingt, Jean-Claude"]
[Result "0-1"]
[WhiteElo "1856"]
[BlackElo "2155"]
[PlyCount "66"]
[EventDate "2017.??.??"]

1. e4 c5 2. c3 d5 3. exd5 Qxd5 4. d4 Nf6 5. Nf3 e6 6. Be2 Be7 7. c4 Qd8 8. Nc3
O-O 9. O-O b6 10. Bf4 cxd4 11. Nxd4 Bb7 12. Ndb5 a6 13. Nd6 Bc6 14. Qd4 Ra7 15.
Rfd1 Rd7 16. b4 Ba8 17. c5 Nc6 18. Qc4 b5 19. Ndxb5 axb5 20. Nxb5 Nd5 21. a3
Bf6 22. Rac1 Nxf4 23. Qxf4 Bg5 24. Rxd7 Bxf4 25. Rxd8 Rxd8 26. Rc2 Kf8 27. g3
Be5 28. Kf1 g5 29. Bf3 Ke7 30. Bxc6 Bxc6 31. Na7 Bf3 32. Rc1 Ra8 33. Nb5 Bc6
0-1

[Event "Espalion Op"]
[Site "Espalion"]
[Date "2017.07.17"]
[Round "4.9"]
[White "Israel, Gregory"]
[Black "Lagunes, Robin"]
[Result "1-0"]
[WhiteElo "2043"]
[BlackElo "1893"]
[PlyCount "75"]
[EventDate "2017.??.??"]

1. d4 d5 2. Nf3 Nf6 3. e3 c6 4. Bd3 g6 5. Nbd2 Bg7 6. O-O O-O 7. c3 Nbd7 8. b3
Qc7 9. Bb2 e5 10. dxe5 Nxe5 11. Nxe5 Qxe5 12. Nf3 Qc7 13. h3 Ne4 14. Qc2 Nc5
15. Ba3 Qb6 16. c4 Rd8 17. cxd5 Nxd3 18. Qxd3 Rxd5 19. Qc2 Bxa1 20. Rxa1 Qa5
21. Bb2 Qc5 22. Qe4 Bf5 23. Qh4 Qd6 24. e4 Rd1+ 25. Rxd1 Qxd1+ 26. Kh2 Qd6+ 27.
Be5 Qd8 28. Ng5 h5 29. exf5 Qd5 30. Nf3 Qd8 31. Qf4 g5 32. Nxg5 f6 33. Ne6 Qe7
34. Qg3+ Kh8 35. Bc3 Rg8 36. Qh4 Qd6+ 37. g3 Qd1 38. Qxf6+ 1-0

[Event "Espalion Op"]
[Site "Espalion"]
[Date "2017.07.17"]
[Round "4.10"]
[White "Verot, Melanie"]
[Black "Le Borgne, Romain"]
[Result "1-0"]
[WhiteElo "2024"]
[BlackElo "1853"]
[PlyCount "91"]
[EventDate "2017.??.??"]

1. d4 Nf6 2. c4 g6 3. Nc3 Bg7 4. e4 d6 5. f4 O-O 6. Nf3 c5 7. dxc5 dxc5 8. Qxd8
Rxd8 9. e5 Ne8 10. Be3 b6 11. Be2 Nc6 12. O-O Bb7 13. Rad1 Rxd1 14. Rxd1 Rd8
15. Nb5 Rxd1+ 16. Bxd1 f6 17. Ba4 fxe5 18. Nxa7 exf4 19. Bxf4 Nxa7 20. Bxe8
Bxb2 21. Bc7 Nc8 22. Bd7 Kg7 23. a4 Nd6 24. Bxb6 Ba6 25. Bb5 Nxc4 26. Bxc5 Bxb5
27. axb5 Kf6 28. Kf2 e5 29. b6 Na5 30. Ke3 Nb7 31. Bb4 Ke6 32. Ke4 Nd6+ 33.
Bxd6 Kxd6 34. Ng5 Kc6 35. Nxh7 Kxb6 36. Nf8 g5 37. Nd7+ Kc7 38. Nxe5 Bc1 39.
Kf5 Kd8 40. Nf7+ Ke7 41. Nxg5 Kf8 42. Kg6 Kg8 43. h4 Kh8 44. h5 Kg8 45. h6 Kh8
46. Nf7+ 1-0

[Event "Espalion Op"]
[Site "Espalion"]
[Date "2017.07.17"]
[Round "4.11"]
[White "Grichkevitch, Gilles"]
[Black "Rihouey, Franck"]
[Result "0-1"]
[WhiteElo "1990"]
[BlackElo "1827"]
[PlyCount "46"]
[EventDate "2017.??.??"]

1. e4 e6 2. d4 d5 3. Nc3 Bb4 4. a3 Bxc3+ 5. bxc3 c5 6. Qg4 Nf6 7. Qxg7 Rg8 8.
Qh6 Rg6 9. Qe3 dxe4 10. Ne2 Bd7 11. dxc5 Qc7 12. Rb1 Na6 13. Nf4 Rg8 14. c4
O-O-O 15. c6 Bxc6 16. Qxa7 Qa5+ 17. Rb4 e5 18. Nd5 Nxd5 19. cxd5 Qxd5 20. Be2
Nxb4 21. axb4 Rxg2 22. Be3 Rdg8 23. Kf1 Bb5 0-1

[Event "Espalion Op"]
[Site "Espalion"]
[Date "2017.07.17"]
[Round "4.12"]
[White "Cavailles, Evan"]
[Black "Gerard, Nicolas"]
[Result "1/2-1/2"]
[WhiteElo "1806"]
[BlackElo "2189"]
[PlyCount "81"]
[EventDate "2017.??.??"]

1. e4 c5 2. Nf3 d6 3. d4 cxd4 4. Nxd4 Nf6 5. Nc3 a6 6. Be2 e5 7. Nb3 Be7 8. O-O
O-O 9. Be3 Qc7 10. Bf3 Nbd7 11. a4 b6 12. Qe2 h6 13. Rfd1 Nc5 14. Nxc5 bxc5 15.
g3 Be6 16. Nd5 Nxd5 17. exd5 Bd7 18. Bg2 f5 19. f4 Bf6 20. c3 a5 21. fxe5 Bxe5
22. Rf1 Rab8 23. Qc2 Qd8 24. Bh3 Qe8 25. Bf4 Bxf4 26. Rxf4 Qe5 27. Raf1 Qxd5
28. Bxf5 Bxf5 29. Rxf5 Rxf5 30. Rxf5 Qe6 31. Rf2 Re8 32. Qf5 Qe1+ 33. Kg2 Qe4+
34. Qxe4 Rxe4 35. Rf4 Rxf4 36. gxf4 Kf7 37. Kf3 Ke6 38. Ke4 d5+ 39. Ke3 g6 40.
Kf3 h5 41. Ke3 1/2-1/2

[Event "Espalion Op"]
[Site "Espalion"]
[Date "2017.07.15"]
[Round "4.13"]
[White "Huin, Eric"]
[Black "Larcheveque, Francois"]
[Result "0-1"]
[WhiteElo "1801"]
[BlackElo "2023"]
[PlyCount "98"]
[EventDate "2017.??.??"]

1. e4 e6 2. d4 d5 3. exd5 exd5 4. Nf3 Nf6 5. Bd3 c5 6. c3 c4 7. Bc2 Bd6 8. h3
O-O 9. O-O Nc6 10. Re1 Be6 11. Ne5 Qc7 12. Bf4 Nd7 13. Nd2 Ncxe5 14. Bxe5 Nxe5
15. dxe5 Bxe5 16. Bxh7+ Kxh7 17. Qh5+ Kg8 18. Qxe5 Qb6 19. Nf3 Rfe8 20. Qd4
Qxd4 21. Nxd4 Bd7 22. Kf1 Kf8 23. Rxe8+ Rxe8 24. Re1 Rc8 25. f4 Rc5 26. Kf2 Ra5
27. a3 f6 28. g4 Ra6 29. Kg3 Rb6 30. Re2 Kf7 31. h4 Ra6 32. f5 b5 33. Kf4 Rb6
34. g5 a5 35. g6+ Kf8 36. h5 b4 37. axb4 axb4 38. Rh2 bxc3 39. bxc3 Rb1 40. h6
Rf1+ 41. Ke3 gxh6 42. Rb2 Bxf5 43. Rb8+ Kg7 44. Nxf5+ Rxf5 45. Kd4 Kxg6 46. Rd8
h5 47. Rg8+ Kf7 48. Rh8 Kg7 49. Re8 h4 0-1

[Event "Espalion Op"]
[Site "Espalion"]
[Date "2017.07.17"]
[Round "4.14"]
[White "Crouzet, Emeric"]
[Black "Colandrea, Sauveur"]
[Result "1/2-1/2"]
[WhiteElo "1950"]
[BlackElo "1752"]
[PlyCount "56"]
[EventDate "2017.??.??"]

1. d4 Nf6 2. c4 e6 3. Nf3 d5 4. Nc3 Be7 5. Bg5 Nbd7 6. cxd5 exd5 7. e3 O-O 8.
Qc2 c6 9. Bd3 Re8 10. O-O h6 11. Bh4 a6 12. Rab1 Nf8 13. b4 Be6 14. Na4 N6d7
15. Bg3 Bg4 16. Nd2 Bh4 17. Nc5 Bxg3 18. hxg3 Qc7 19. a4 Nxc5 20. Qxc5 Ne6 21.
Qc3 Ng5 22. Qc2 Rad8 23. Rfc1 Rd6 24. Qb3 Qe7 25. b5 axb5 26. axb5 Rf6 27. bxc6
bxc6 28. Re1 g6 1/2-1/2

[Event "Espalion Op"]
[Site "Espalion"]
[Date "2017.07.17"]
[Round "4.15"]
[White "Della Ragione, Enzo"]
[Black "Dubois, Martine"]
[Result "1-0"]
[WhiteElo "1705"]
[BlackElo "1946"]
[PlyCount "123"]
[EventDate "2017.??.??"]

1. c4 c5 2. g3 Nc6 3. Nc3 g6 4. Bg2 Bg7 5. Nf3 b6 6. d3 Bb7 7. O-O d6 8. Bd2
Qd7 9. Rb1 e6 10. Bf4 Nge7 11. Ne4 e5 12. Bg5 Qe6 13. Ne1 f6 14. Bd2 d5 15.
cxd5 Nxd5 16. Qa4 O-O 17. Qc4 Rfd8 18. Nc3 Na5 19. Qa4 Nxc3 20. Bxc3 Bxg2 21.
Nxg2 Nc6 22. Qc4 Qxc4 23. dxc4 Nd4 24. Bxd4 Rxd4 25. Ne3 Bh6 26. Rbd1 Rad8 27.
Nd5 Kf7 28. b3 b5 29. e3 Rxd1 30. Rxd1 bxc4 31. bxc4 Bf8 32. Rb1 Rd7 33. Rb5
Bd6 34. Ra5 Rb7 35. Ra6 Rd7 36. Nc3 Bb8 37. Nb5 Rd1+ 38. Kg2 Rc1 39. Nxa7 Bxa7
40. Rxa7+ Ke6 41. Ra6+ Kf5 42. f3 Rc2+ 43. Kg1 Rxc4 44. e4+ Kg5 45. h4+ Kh6 46.
Rxf6 Rc1+ 47. Kh2 Rc2+ 48. Kh3 Kg7 49. Re6 Rc3 50. Rxe5 c4 51. Kg4 h5+ 52. Kf4
Kf6 53. Rc5 Kf7 54. a4 Rc1 55. a5 c3 56. a6 Ra1 57. Rxc3 Rxa6 58. Kg5 Ra5+ 59.
Kh6 Ra6 60. Rc7+ Kf8 61. Rg7 g5+ 62. Rg6 1-0

[Event "Espalion Op"]
[Site "Espalion"]
[Date "2017.07.17"]
[Round "4.16"]
[White "Pass, Deborah J"]
[Black "Masson, Valentin"]
[Result "0-1"]
[WhiteElo "1920"]
[BlackElo "1733"]
[PlyCount "120"]
[EventDate "2017.??.??"]

1. e4 e6 2. d4 d5 3. exd5 exd5 4. c4 Nf6 5. Nc3 c6 6. Bd3 Be7 7. Nge2 O-O 8.
O-O dxc4 9. Bxc4 Nbd7 10. Re1 Nb6 11. Bd3 Nbd5 12. Ng3 Qc7 13. Bg5 h6 14. Nxd5
Nxd5 15. Bxe7 Nxe7 16. Qc2 Nd5 17. Re5 Nb4 18. Bh7+ Kh8 19. Qc5 Be6 20. Be4 Na6
21. Qc3 Rad8 22. Nh5 Bxa2 23. Qg3 f6 24. Qg6 Bg8 25. Re6 Qf7 26. Nf4 Nc7 27.
Qxf7 Bxf7 28. Re7 Rxd4 29. Ng6+ Bxg6 30. Bxg6 Rfd8 31. h3 R4d7 32. Rae1 Rxe7
33. Rxe7 Nb5 34. Rxb7 Kg8 35. Kf1 Kf8 36. Rf7+ Kg8 37. Rb7 Kf8 38. Ke1 Rc8 39.
Rf7+ Kg8 40. Rd7 Kf8 41. Kd2 Rc7 42. Rd8+ Ke7 43. Re8+ Kd6 44. b4 Re7 45. Rd8+
Kc7 46. Rg8 Kd6 47. Kd3 Nc7 48. Kc4 Ne6 49. Bf5 Nf4 50. g3 Nd5 51. Rd8+ Ke5 52.
Bg4 f5 53. Bf3 Rc7 54. Kc5 Rb7 55. Bxd5 cxd5 56. Rxd5+ Kf6 57. Rd6+ Ke7 58. b5
Rxb5+ 59. Kxb5 Kxd6 60. f4 Kd5 0-1

[Event "Espalion Op"]
[Site "Espalion"]
[Date "2017.07.17"]
[Round "4.17"]
[White "Joliez, Didier"]
[Black "Uliczny, Kevin"]
[Result "0-1"]
[WhiteElo "1901"]
[BlackElo "1690"]
[PlyCount "38"]
[EventDate "2017.??.??"]

1. e4 e5 2. Nf3 Nf6 3. d3 Nc6 4. Bg5 h6 5. Bh4 Be7 6. Be2 d5 7. Bg3 dxe4 8.
Nxe5 Nxe5 9. Bxe5 exd3 10. Bxd3 Qd5 11. Bxf6 Qxg2 12. Rf1 Bxf6 13. Qe2+ Be6 14.
Be4 Qxh2 15. Bxb7 O-O 16. Bxa8 Bxb2 17. c3 Bxa1 18. Qe4 Re8 19. Rh1 Qd6 0-1

[Event "Espalion Op"]
[Site "Espalion"]
[Date "2017.07.17"]
[Round "4.18"]
[White "Montsma, Foppe-Jan"]
[Black "Verat-Fayolle, Celian"]
[Result "1-0"]
[WhiteElo "1834"]
[BlackElo "1678"]
[PlyCount "21"]
[EventDate "2017.??.??"]

1. e4 e5 2. Nf3 Nc6 3. Nc3 Nf6 4. Bb5 Bb4 5. O-O d6 6. Nd5 Bc5 7. d4 Bd7 8.
dxc5 dxc5 9. Bg5 a6 10. Bxc6 bxc6 11. Nxf6+ 1-0

[Event "Espalion Op"]
[Site "Espalion"]
[Date "2017.07.17"]
[Round "4.19"]
[White "Labarrere, Daniel"]
[Black "Deceuninck, Andre"]
[Result "1/2-1/2"]
[WhiteElo "1816"]
[BlackElo "1578"]
[PlyCount "42"]
[EventDate "2017.??.??"]

1. Nf3 c5 2. g3 Nf6 3. Bg2 g6 4. c4 Bg7 5. O-O O-O 6. Nc3 d6 7. Rb1 Na6 8. d3
Bd7 9. a3 Rb8 10. b4 Nc7 11. bxc5 dxc5 12. Na4 b6 13. Ne5 Qe8 14. Nxd7 Qxd7 15.
Bb2 Rbd8 16. Qc2 Rfe8 17. Nc3 e5 18. Rfd1 Re7 19. Bc1 h6 20. Qa4 Qxa4 21. Nxa4
e4 1/2-1/2

[Event "Espalion Op"]
[Site "Espalion"]
[Date "2017.07.17"]
[Round "4.20"]
[White "Veschambre, Antoine"]
[Black "Hadamard, Olivier"]
[Result "1-0"]
[WhiteElo "1682"]
[BlackElo "1906"]
[PlyCount "99"]
[EventDate "2017.??.??"]

1. e4 c5 2. c3 Nf6 3. e5 Nd5 4. Bc4 Nb6 5. Bb3 d5 6. exd6 Qxd6 7. d4 Bd7 8. Nf3
Bc6 9. Be3 N8d7 10. O-O c4 11. Bc2 Qf6 12. Nbd2 h6 13. Qe2 Bd5 14. b3 Rc8 15.
Rac1 e6 16. Be4 Be7 17. g3 O-O 18. Bf4 Ba3 19. Rc2 Bxe4 20. Qxe4 cxb3 21. axb3
Nd5 22. Nc4 Nxf4 23. Qxf4 Qxf4 24. gxf4 Be7 25. Nfe5 Nf6 26. Ne3 Rfd8 27. Rd1
Nh5 28. f5 Bf6 29. fxe6 fxe6 30. Nd3 Rc7 31. Nc5 Kf7 32. Ne4 Nf4 33. Rcd2 Nh3+
34. Kf1 Bg5 35. Kg2 Nf4+ 36. Kf3 Nd5 37. Nxg5+ hxg5 38. c4 Nf6 39. Ng4 Rh8 40.
Ne5+ Ke8 41. Kg2 Rh4 42. d5 exd5 43. cxd5 Ne4 44. d6 Rd7 45. Rd4 Nc3 46. Rxh4
gxh4 47. Rd3 Rd8 48. d7+ Ke7 49. Rxc3 Ke6 50. Rc8 1-0